Geography Multi-select #27 - Statistics

General Stats
  • This quiz has been taken 17 times
  • The average score is 59 of 90
Answer Stats
Question Tile Select % Correct
sovereign states with a coastline on Baffin Bay. Ireland No
100%
Alaska cities with a population greater than 8,300 (2020). Anchorage Yes
88%
landmarks located in the Netherlands. Anne Frank House Yes
88%
Belgian cities with a population over 150,000 Brussels Yes
88%
U.S. states that border Colorado, even if the border consists of a single point. California No
88%
sovereign states with a coastline on Baffin Bay. Canada Yes
88%
Alaska cities with a population greater than 8,300 (2020). Fairbanks Yes
88%
sovereign states with a coastline on Baffin Bay. France No
88%
Sovereign states where Italian is either an official language or has official minority status in at least part of the country. France No
88%
Sovereign states where Italian is either an official language or has official minority status in at least part of the country. Italy Yes
88%
Belgian cities with a population over 150,000 Leuven No
88%
sovereign states with at least one capital city (of any type) whose name begins with “T.” Nigeria No
88%
Sovereign states where Italian is either an official language or has official minority status in at least part of the country. San Marino Yes
88%
U.S. states that border Colorado, even if the border consists of a single point. Utah Yes
88%
national capitals (of any type) of a sovereign state whose English language name begins with “S.” Caracas No
82%
sovereign states with a coastline on Baffin Bay. Norway No
82%
landmarks located in the Netherlands. Rijksmuseum Yes
82%
sovereign states with at least one capital city (of any type) whose name begins with “T.” Samoa No
82%
national capitals (of any type) of a sovereign state whose English language name begins with “S.” São Tomé Yes
82%
five of the Asian nations with the highest GDP (PPP) per capita (IMF 2023 est.). Singapore Yes
82%
sovereign states with a coastline on Baffin Bay. Sweden No
82%
Sovereign states where Italian is either an official language or has official minority status in at least part of the country. Switzerland Yes
82%
sovereign states with at least one capital city (of any type) whose name begins with “T.” Taiwan Yes
82%
sovereign states with at least one capital city (of any type) whose name begins with “T.” Thailand No
82%
sovereign states with a coastline on Baffin Bay. United Kingdom No
82%
sovereign states with a coastline on Baffin Bay. United States No
82%
Belgian cities with a population over 150,000 Antwerp Yes
76%
five of the Asian nations with the highest GDP (PPP) per capita (IMF 2023 est.). China No
76%
sovereign states with a coastline on Baffin Bay. Iceland No
76%
U.S. states that border Colorado, even if the border consists of a single point. Idaho No
76%
Alaska cities with a population greater than 8,300 (2020). Juneau Yes
76%
landmarks located in the Netherlands. Menenpoort No
76%
national capitals (of any type) of a sovereign state whose English language name begins with “S.” Minsk No
76%
Belgian cities with a population over 150,000 Mons No
76%
U.S. states that border Colorado, even if the border consists of a single point. New Mexico Yes
76%
five of the Asian nations with the highest GDP (PPP) per capita (IMF 2023 est.). United Arab Emirates Yes
76%
sovereign states with at least one capital city (of any type) whose name begins with “T.” United States No
76%
U.S. states that border Colorado, even if the border consists of a single point. Wyoming Yes
76%
U.S. states that border Colorado, even if the border consists of a single point. Arizona Yes
71%
countries with a coastline on the Banda Sea. Australia No
71%
Sovereign states where Italian is either an official language or has official minority status in at least part of the country. Austria No
71%
sovereign states with at least one capital city (of any type) whose name begins with “T.” Estonia Yes
71%
national capitals (of any type) of a sovereign state whose English language name begins with “S.” Funafuti No
71%
sovereign states with at least one capital city (of any type) whose name begins with “T.” Georgia Yes
71%
countries with a coastline on the Banda Sea. Indonesia Yes
71%
Alaska cities with a population greater than 8,300 (2020). Ketchikan No
71%
Belgian cities with a population over 150,000 Namur No
71%
Alaska cities with a population greater than 8,300 (2020). Nome No
71%
five of the Asian nations with the highest GDP (PPP) per capita (IMF 2023 est.). Qatar Yes
71%
national capitals (of any type) of a sovereign state whose English language name begins with “S.” Riyadh Yes
71%
national capitals (of any type) of a sovereign state whose English language name begins with “S.” St. John’s No
71%
countries with a coastline on the Banda Sea. Taiwan No
71%
countries with a coastline on the Banda Sea. Vietnam No
71%
Belgian cities with a population over 150,000 Ghent Yes
65%
five of the Asian nations with the highest GDP (PPP) per capita (IMF 2023 est.). Israel No
65%
Sovereign states where Italian is either an official language or has official minority status in at least part of the country. Monaco No
65%
landmarks located in the Netherlands. Sint-Janshuismolen No
65%
landmarks located in the Netherlands. the Mercator (ship) No
65%
Alaska cities with a population greater than 8,300 (2020). Utqiagvik (formerly Barrow) No
65%
Belgian cities with a population over 150,000 Bruges No
59%
countries with a coastline on the Banda Sea. Brunei No
59%
countries with a coastline on the Banda Sea. East Timor Yes
59%
sovereign states with at least one capital city (of any type) whose name begins with “T.” Honduras Yes
59%
Alaska cities with a population greater than 8,300 (2020). Kodiak No
59%
U.S. states that border Colorado, even if the border consists of a single point. Nebraska Yes
59%
countries with a coastline on the Banda Sea. Singapore No
59%
five of the Asian nations with the highest GDP (PPP) per capita (IMF 2023 est.). Bahrain No
53%
national capitals (of any type) of a sovereign state whose English language name begins with “S.” Belgrade Yes
53%
national capitals (of any type) of a sovereign state whose English language name begins with “S.” Dakar Yes
53%
landmarks located in the Netherlands. Groot Begijnhof No
53%
U.S. states that border Colorado, even if the border consists of a single point. Kansas Yes
53%
five of the Asian nations with the highest GDP (PPP) per capita (IMF 2023 est.). Saudi Arabia No
53%
sovereign states with at least one capital city (of any type) whose name begins with “T.” Uzbekistan Yes
53%
national capitals (of any type) of a sovereign state whose English language name begins with “S.” Victoria Yes
53%
sovereign states with a coastline on Baffin Bay. Denmark Yes
47%
Belgian cities with a population over 150,000 Liège Yes
47%
Belgian cities with a population over 150,000 Charleroi Yes
41%
landmarks located in the Netherlands. Kinderdijk Yes
41%
U.S. states that border Colorado, even if the border consists of a single point. Oklahoma Yes
41%
five of the Asian nations with the highest GDP (PPP) per capita (IMF 2023 est.). Taiwan Yes
41%
five of the Asian nations with the highest GDP (PPP) per capita (IMF 2023 est.). Brunei Yes
35%
landmarks located in the Netherlands. Keukenhof Yes
35%
countries with a coastline on the Banda Sea. Malaysia No
35%
countries with a coastline on the Banda Sea. Philippines No
35%
Alaska cities with a population greater than 8,300 (2020). Wasilla Yes
24%
Alaska cities with a population greater than 8,300 (2020). Sitka Yes
18%
Sovereign states where Italian is either an official language or has official minority status in at least part of the country. Croatia Yes
6%
landmarks located in the Netherlands. Portuguese Synagogue Yes
6%
Sovereign states where Italian is either an official language or has official minority status in at least part of the country. Slovenia Yes
6%
Sovereign states where Italian is either an official language or has official minority status in at least part of the country. Vatican City No
6%
No matching quizzes found
Score Distribution
Percent of People with Each Score
Percentile by Number Answered
Your Score History
You have not taken this quiz